The american peoples encyclopedia a modern reference work Vol. 8. Finland to Gila river

Bibliographic Details
Format: Book
Language:English
PhysicalDescription:544 s., [26] s. fareb. fot. príl. fareb. fotogr. 27 cm
Published: New York Grolier 1969
Subjects:

MARC

LEADER 00000cam a2200000 a 4500
001 vtls001141169
003 SK-MaSNL
005 20260301153913.0
008 250414s1969 xxuo gre 00000 eng
020 |q (viaz.) 
035 |a SNK000084022 
040 |a SNK  |b slo  |c SNK  |e AACR2 
041 0 |a eng 
043 |a e-fi--- 
044 |a xxu  |c US 
072 7 |a 316.3  |x Globálne spoločnosti. Sociálna štruktúra. Sociálne skupiny  |2 konspekt 
080 |a 03:908.7/.8=2  |2 1981 
080 |a 908.7/.8=2  |2 1981 
080 |a 908.7/.8(03)=2  |2 1981 
080 |a 323.1:316.356.4  |2 2011 
080 |a (=1:73)-055.1  |2 2011 
080 |a (031)  |2 2011 
080 |a (480)  |2 2011 
245 0 4 |a The american peoples encyclopedia  |b a modern reference work  |n Vol. 8.  |p Finland to Gila river 
246 3 0 |a Finland to Gila river 
260 |a New York  |b Grolier  |c 1969 
300 |a 544 s., [26] s. fareb. fot. príl.  |b fareb. fotogr.  |c 27 cm 
650 0 7 |a národy  |2 SNKPH  |9 4720 
650 0 7 |a Američania  |2 SNKPH  |9 59751 
651 7 |a Fínsko  |2 SNKPHgeo  |9 20176 
655 7 |a encyklopédie  |2 SNKPH  |9 28776 
852 |a Slovenská národná knižnica 
954 |a odborná, vedecká literatúra cudzojazyčná (svetová)  |2 lita 
958 |a RK 
958 |a TL 
958 |a OND 
999 |c 794897  |d 796827 
952 |t snkGRO/8 030  |a SNKUST  |b SNKUST  |y PREZ  |7 0  |p 17A0296922  |o snkIB 68530/8   |i snkV 1371/93  |0 0  |1 0  |4 0  |d 2002-01-08  |l 0  |r 2025-03-20 00:00:00  |w 2026-02-24